Visual attention and perception of visualizations in virtual reality environment
Gespeichert in:
| 1. Verfasser: | |
|---|---|
| Weitere Verfasser: | |
| Format: | Manuskript Buch |
| Sprache: | Slowakisch Englisch |
| Veröffentlicht: |
2025
|
| Schlagworte: | |
| Online-Zugang: | http://is.stuba.sk/zp/portal_zp.pl?podrobnosti=183605 |
| Tags: |
Keine Tags, Fügen Sie das erste Tag hinzu!
|
MARC
| LEADER | 00000ntm a22000003a 4500 | ||
|---|---|---|---|
| 001 | stuzp105846 | ||
| 003 | SK-STU | ||
| 005 | 20250607211818.9 | ||
| 007 | ta | ||
| 008 | 150427s2015----xo-----f-mn---000-0-slo-d | ||
| 040 | |a STU |b slo | ||
| 041 | 0 | |a eng | |
| 100 | 1 | |a Padúch, Denis |u 070400 |4 aut |U FIIT Fakulta informatiky a informačných technológií |T FIIT Ústav počítačového inžinierstva a aplikovanej informatiky |X 110866 |U I400 |Y 672 |7 110866 | |
| 242 | 0 | 1 | |a Vizuálna pozornosť a vnímanie vizualizácií v prostredí virtuálnej reality |y slo |
| 245 | 1 | 0 | |a Visual attention and perception of visualizations in virtual reality environment |
| 260 | |c 2025 | ||
| 650 | 4 | |a visual attention |2 eng | |
| 650 | 4 | |a fixation prediction |2 eng | |
| 650 | 4 | |a deep learning |2 eng | |
| 650 | 4 | |a virtual reality |2 eng | |
| 650 | 4 | |a hlboké učenie |2 slo | |
| 650 | 4 | |a predikcia fixácií |2 slo | |
| 650 | 4 | |a virtuálna realita |2 slo | |
| 650 | 4 | |a vizuálna pozornosť |2 slo | |
| 700 | 1 | |a Kapec, Peter |u 070400 |k Z1 |4 ths |U FIIT Fakulta informatiky a informačných technológií |T FIIT Ústav počítačového inžinierstva a aplikovanej informatiky |X 10235 |U I400 |Y 672 |7 A000010235 | |
| 856 | 4 | |u http://is.stuba.sk/zp/portal_zp.pl?podrobnosti=183605 | |